| 000 | 00433nam a2200181Ia 4500 | ||
|---|---|---|---|
| 003 | GCL | ||
| 008 | 140319s9999 xx 000 0 eng d | ||
| 040 |
_aGCL / _cGCL |
||
| 082 | 0 | 4 |
_a332.4 _bK I |
| 100 | 1 | _aKIM, TAEHO | |
| 245 | 1 | 0 |
_aINTERNATIONAL MONEY AND BANKING / _cKIM, TAEHO |
| 260 |
_a[S.N] : _bROUTLEDGE ، _c1993 |
||
| 300 | _a416 P | ||
| 650 | 0 | 4 | _aBANKING |
| 650 | 0 | 4 | _aECONOMICS |
| 650 | 0 | 4 | _aMONEY |
| 942 |
_2ddc _cBK |
||
| 999 |
_c21307 _d21307 |
||